3 minutes creative thinking (Chinese)

Bibliographic Details
Main Author: Yamaguchi
Format: Book
Published: Japan : Classic Communications Culture , 2004
Subjects:

MARC

LEADER 00000cam a2200000 7i4500
001 0000072922
005 20170528.0
008 170521
020 |a 9574763617 
020 |a 9789574763610 
090 0 0 |a 153.42   |b YAM 
100 0 |a Yamaguchi 
245 1 0 |a 3 minutes creative thinking (Chinese)   |c Yamaguchi 
260 |a Japan :   |b Classic Communications Culture ,   |c 2004 
300 |a 219 p. :   |b ill.col. ;   |c 25 cm. 
541 0 0 |c Donation books 
650 0 |a Creative thinking 
999 |a 0001459484   |b Book   |c Chinese Collection   |e Cawangan AEON Kulaijaya